Statistics for Taylor Swift (Reputation TV) A to Z

Click here to take the quiz!

General Stats

  • This quiz has been taken 37 times
  • The average score is 13 of 15

Answer Stats

LetterSong% Correct
Don't Blame me
100%
LLook What You Made Me Do
100%
RReady For It
100%
Delicate
96%
EEnd Game
96%
GGetaway Car
96%
Gorgeous
93%
KKing Of My Heart
93%
Dress
89%
TThis Is Why We Can't Have Nice Things
89%
NNew Years Day
85%
DDancing With Our Hands Tied
81%
CCall It What You Want
78%
SSo It Goes
78%
II Did Something Bad
74%

Score Distribution

Percentile by Number Answered

Percent of People with Each Score

Your Score History

You have not taken this quiz